Costa Barcelona : El Maresme. Baix Llobregat, Alt Penedès, Garraf, Vallès Occidental i Vallès Oriental El Maresme. Baix Llobregat, Alt Penedès, Garraf, Vallès Occidental i Vallès Oriental
Publicado:
Barcelona :
Generalitat de Catalunya. Agència Catalana de Turisme ; Diputació Barcelona ,
2014
Descripción Física:
15 pàgines : il·lustracions ; 30 cm
Idioma:
Catalán
MARC
| LEADER | 00000nam a22000007a 4500 | ||
|---|---|---|---|
| 001 | 25458 | ||
| 008 | 220511b spa||||| |||| 00| 0 cat d | ||
| 017 | |a DL B 21637-2014 | ||
| 080 | |a FU-68-73 | ||
| 245 | |a Costa Barcelona : |b El Maresme. Baix Llobregat, Alt Penedès, Garraf, Vallès Occidental i Vallès Oriental | ||
| 260 | |a Barcelona : |b Generalitat de Catalunya. Agència Catalana de Turisme ; |b Diputació Barcelona, |c 2014 | ||
| 300 | |a 15 pàgines : |b il·lustracions ; |c 30 cm | ||
| 650 | 0 | |a Cultura i lleure |z Barcelona (Província) |9 52671 | |
| 651 | 0 | |9 52676 |a Barcelona (Catalunya : Província) |v Guies | |
| 710 | 2 | |9 51702 |a Costa Barcelona |e Marca turística | |
| 710 | 2 | |a Agència Catalana de Turisme |9 51579 | |
| 710 | 1 | |a Barcelona (Catalunya : Província). |b Diputació |9 52408 | |
| 942 | |2 udc |n 1 |c ARXIU | ||
| 952 | |0 0 |1 0 |4 0 |6 FU6873 |7 1 |9 61642 |a Arxiu |b Arxiu |d 2022-05-11 |l 0 |o FU-68-73 |p 25458 |r 2022-05-11 00:00:00 |w 2022-05-11 |y ARXIU | ||
| 999 | |c 81540 |d 81540 | ||